Normal view
MARC view
Entry Nombre personal
001 - NÚMERO DE CONTROL
- campo de control: 154480
003 - IDENTIFICADOR DE NÚMERO DE CONTROL
- campo de control: OSt
005 - FECHA Y HORA DE LA ÚLTIMA TRANSACCIÓN
- campo de control: 20251012194835.0
008 - ELEMENTOS DE DATO DE LONGITUD-FIJA
- campo de control de longitud fija: 140306 b azzaaaaaa a aaa d
040 ## - FUENTE DE CATALOGACIÓN
- Centro catalogador/agencia de origen: OSt
- Centro/agencia transcriptor: OSt
100 1# - ENCABEZAMIENTO-NOMBRE DE PERSONA
- Nombre de persona: Hamilton, Carlos Depassier,
- Fechas asociadas al nombre: 1908-
400 00 - TRAZADO DE VÉASE--NOMBRE DE PERSONA
- Nombre de persona: Hamilton Depassier, Carlos
400 00 - TRAZADO DE VÉASE--NOMBRE DE PERSONA
- Nombre de persona: Hamilton, Carlos D.
